Quiz Valkyrie Apocalypse - Statistiques

Statistiques générales
  • Ce quiz a été pris 605 fois
  • Le résultat moyen est 26 sur 64
Statistiques - réponses
Hint Réponse % Correct
Ainée des soeurs valkyries Brunhilde
81%
Dieu des océans Poséidon
77%
Roi des Dieux Grecques Zeus
74%
Dieu des enfers Hadès
72%
Déesse de l'amour Aphrodite
71%
Dieu du boudhisme Bouddha
71%
Dieu nordique du tonnerre Thor
71%
La mère de l'humanité Eve
70%
L'éventreur de Londres Jack
70%
Le père de l'humanité Adam
69%
Dieu hindoue de la destruction Shiva
68%
Demi-dieu héro Heracles
67%
Dieu de la guerre Arès
66%
Dieu des messagers Hermès
66%
Dieu de la malice Loki
66%
1er participant de l'humanité Lü Bü
66%
Roi des dieux nordiques Odin
66%
Adversaire de Budda Zerofuku
62%
Le meilleur perdant du Japon Kojiro Sasaki
61%
Empereur de Chine Qin Shi Huang
61%
Dieu egyptien de la mort Anubis
58%
Le maître de l'éléctricité Nikola Tesla
57%
Roi de sparte Léonidas
56%
Le lutteur sans égal Raiden
55%
13ème soeur des valkyries Göll
48%
Le russe Raspoutine
48%
Le prédicteur français Nostradamus
45%
Mère de Jack l'éventreur Mary
42%
Dieu japonais des tempêtes Susanoo
41%
Dieu anonciateur du Ragnarök Heimdall
40%
Fils de Adam et Eve Abel
36%
Dieu olympien mort Adamas
36%
Meilleur ami de Shiva Rudra
36%
Dieu de la beauté Apollon
35%
La mort blanche Simo Häyhä
33%
Connaissance de Belzébuth 2 Azazel
28%
Démon du Ragnarök Belzébuth
28%
Le tueur de dragons Siegfried
28%
Fils de Adam et Eve Cain
27%
2ème soeur des valkyries Hrist
27%
L'ami d'enfance d'Heracles Castor
26%
Fils de Shiva Ganesh
26%
Connaissance de Belzébuth 1 Lucifer
25%
Combattant du Ragnarök Japonais Okita
23%
Prostituée qu'à connue Jack Anne
22%
3ème soeur des valkyries Thrud
22%
Roi démon du 6ème ciel Hajun
22%
Connaissance de Belzébuth 4 Lilith
20%
1ère épouse de Shiva Parvati
20%
Le fanatique de Lü Bü Chen Gong
19%
5ème soeur des Valkyries Geirvör
17%
11ème soeur des Valkyries Hlökk
17%
Corbeau de Odin 2 Munin
17%
12ème soeur des valkyries Alvitr
16%
9ème soeur des valkyries Göndul
16%
2ème épouse de shiva Kali
16%
Ami de Bouddha Jataka
15%
3ème épouse de Shiva Durga
14%
4ème soeur des valkyries Randgrid
14%
Corbeau de Odin 1 Hugin
14%
Combattant du Ragnorök Japonais Kintoki
13%
Connaissance de Belzébuth 3 Samael
13%
7ème soeur des Valkyries Reginleif
10%
Le fanatique de Thor Forseti
10%
Aucun quiz correspondant
Distribution des résultats
% des personnes avec chaque résultat
Percentile par nombre de réponses
Votre historique - résultats
Vous n’avez pas pris ce quiz